000 00659cam a2200217 4500500
005 20260405003827.0
041 _afre
042 _adc
100 1 0 _aLacroix, Alexandre
_eauthor
245 0 0 _aPascal Quignard-Yannick Haenel. Conversation sur l’extase sexuelle
260 _c2024.
500 _a27
690 _aAmour
690 _aExtase
690 _aFrancis Bacon
690 _aPascal Quignard
690 _aSexe
690 _aYannick Haenel
786 0 _nPhilosophie magazine | 177 | 3 | 2024-03-01 | p. 20-21 | 1951-1787
856 4 1 _uhttps://shs.cairn.info/magazine-philosophie-magazine-2024-3-page-20?lang=fr&redirect-ssocas=7080
999 _c2071205
_d2071204